[Event "EU-chT Railways USIC"]
[Site "Dresden"]
[Date "2000.06.21"]
[Round "3.4"]
[White "Stojkovic, Josip"]
[Black "Hagen, Konrad"]
[Result "0-1"]
[WhiteElo "2120"]
[BlackElo "2060"]
[PlyCount "102"]
[EventDate "2000.06.19"]
[EventType "team-swiss"]
[EventRounds "7"]
[EventCountry "GER"]
[SourceTitle "EXT 2002"]
[Source "ChessBase"]
[SourceDate "2001.11.25"]
[SourceVersion "1"]
[SourceVersionDate "2001.11.25"]
[SourceQuality "1"]
[WhiteTeam "Croatia (USIC)"]
[BlackTeam "Austria (USIC)"]
[WhiteTeamCountry "CRO"]
[BlackTeamCountry "AUT"]

1. e4 c5 2. d4 cxd4 3. c3 dxc3 4. Nxc3 Nc6 5. Nf3 d6 6. Bc4 e6 7. 0-0 Nf6 8. Qe2 Be7 9. Rd1 e5 10. h3 0-0 11. Be3 Be6 12. Bb5 Qb8 13. Nd5 Bd8 14. Nxf6+ Bxf6 15. Bc4 Re8 16. Rd2 Qc7 17. Rc2 Qe7 18. Rd1 Red8 19. a3 Na5 20. Bd5 Bxd5 21. Rxd5 Nc6 22. b4 Qe6 23. Qb5 Ne7 24. Rd1 b6 25. Rcd2 h6 26. a4 Rd7 27. a5 bxa5 28. bxa5 Rad8 29. Kh2 g5 30. a6 Kg7 31. Qe2 Kg6 32. Rb1 h5 33. Rb7 g4 34. Ng1 Nc6 35. Qd3 Kg7 36. Ne2 h4 37. Rc2 Rxb7 38. axb7 Nb4 39. Qc4 Nxc2 40. Qxe6 fxe6 41. Bxa7 Nd4 42. Nxd4 exd4 43. Kg1 gxh3 44. gxh3 Be5 45. b8Q Rxb8 46. Bxb8 Kf6 47. Kg2 d5 48. Ba7 dxe4 49. Kf1 Kf5 50. Bb6 Kf4 51. Bd8 Kf3 0-1